00520nam a2200217Ia 4500003000900000005001700009008004100026020001800067245003200085245002200117260001500139260002200154260000900176300001500185300002500200300001100225440002700236500000700263942001300270999001900283lex-000520170731104146.0170705s9999 xx 000 0 und d a9780531268278 aJoshua James likes trucks / cCatherine Petrie. aNew York : bChildren's Press, c2012 a32 pages : bcolor illustration ; c18cm.  aRookie ready to learn. aBR 2ddccLEX c335263d335263